000
00257nam a2200109Ia 4500
008
190216s9999||||xx |||||||||||||| ||und||
100
_a
Ghosh P.K
245
0
_a
Text Book Of Company Secretarial Practice
260
_b
Null
_c
1976
300
_a
653p
942
_c
BK
999
_c
5117
_d
5117